Score 0/50 Timer 02:00
0 Plays Today
% Correct
one
94.3%
two
94.3%
three
94.3%
five
92.9%
six
91.4%
seven
91.4%
ten
91.4%
eleven
91.4%
four
90%
eight
90%
nine
90%
twelve
88.6%
thirteen
87.1%
fourteen
85.7%
twenty
85.7%
fifteen
84.3%
twenty-one
84.3%
sixteen
82.9%
seventeen
81.4%
eighteen
81.4%
nineteen
81.4%
twenty-two
81.4%
twenty-three
81.4%
twenty-four
80%
twenty-six
80%
% Correct
twenty-seven
80%
twenty-eight
80%
twenty-five
78.6%
twenty-nine
78.6%
thirty
78.6%
thirty-one
77.1%
thirty-two
74.3%
thirty-three
72.9%
thirty-four
67.1%
thirty-five
65.7%
thirty-six
60%
thirty-seven
58.6%
thirty-eight
48.6%
thirty-nine
47.1%
forty
47.1%
forty-one
44.3%
forty-two
42.9%
forty-three
41.4%
forty-four
38.6%
fifty
38.6%
forty-five
37.1%
forty-six
35.7%
forty-seven
34.3%
forty-eight
31.4%
forty-nine
28.6%
Remove Ads.
Support Sporcle.
Get the best of Sporcle when you Go Orange. This ad-free experience offers more features, more stats, and more fun while also helping to support Sporcle. Thank you for becoming a member.

You're not logged in!

Compare scores with friends on all Sporcle quizzes.
OR
Log In

Show Comments

Extras

Created Jan 3, 2013ReportNominate
Tags:50, minute, Under

Top Quizzes Today


Score Distribution

Your Account Isn't Verified!

In order to create a playlist on Sporcle, you need to verify the email address you used during registration. Go to your Sporcle Settings to finish the process.

Report this User

Report this user for behavior that violates our Community Guidelines.

Details: